| 000 | 00954nam a2200229 i 4500 | ||
|---|---|---|---|
| 001 | 17576 | ||
| 003 | ES-MaACL | ||
| 005 | 20250523062556.0 | ||
| 007 | t| | ||
| 008 | 010404s2000 sp ||||1| spa d | ||
| 020 | _a84-8409-078-7 | ||
| 080 | _a821.124-96"00" | ||
| 100 | 1 |
_aSéneca, Lucio Anneo. _9105451 |
|
| 245 | 1 | 0 |
_aDiálogos _b: De la providencia. De la firmeza del sabio. De la ira (I-II-III). De la felicidad. De la vida retirada. De la serenidad del espíritu. De la brevedad de la vida / _cLucio Anneo Séneca ; introducciones, traducción y notas Matías López López ; prólogo Agustín García Calvo. |
| 260 |
_aLleida : _bEdicions de la Universitat de Lleida, _c2000. |
||
| 300 |
_a293 p. ; _c24 cm. |
||
| 700 | 1 |
_aLópez López, Matías. _9197609 |
|
| 700 | 1 |
_aGarcía Calvo, Agustín, _d1926-2012 _9233841 |
|
| 710 | 2 |
_aUniversidad de Lleida. _97202 |
|
| 852 |
_aES-MaACL _jL-24515 _bR.129820 |
||
| 999 |
_c17576 _d17576 |
||